Mapping the Hungarian Urban Historical Landscape
| Titel: | Mapping the Hungarian Urban Historical Landscape |
|---|---|
| Verfasser: | |
| In: |
East central Europe, Band 33, Heft 1-2 (2006), Seite 315-336 alle Artikel anzeigen |
| Veröffentlicht: | 2006 |
| Format: | Aufsatz |
| Sprache: | Englisch |
X
alg: 39491859
001A $01999:12-11-16
001B $01999:04-08-21 $t20:59:16.000
001C $06050:19-11-16 $t08:42:09.000
001D $01999:12-11-16
001U $0utf8
001X $00
002@ $0Aox
003@ $0394918592
007A $0394918592 $aHEB
007T $0Herdc0049936m
010@ $aeng
011@ $a2006
021A $aMapping the Hungarian Urban Historical Landscape
028A $#Lačo, Ferenc $71059082489 $8Laczó, Ferenc$Z1982- [Tp3] $9348197713
031A $d33 $e1-2 $h315-336 $j2006
039B $aIn $8--Abvc--. East central Europe. - Leiden : Brill, 1974-. - ISSN 0094-3037 $x200600000330001685 $9047226099
039T $8--Aau--Gyáni, Gábor$Z1950- [Tp3]. Identity and the urban experience. - Boulder, Col. : Social Science Monographs {[u.a.], 2004. - IX, 271 S.. - Kt. $9128089873
045F $a900.9439 $eDDC23BSB
045F/01 $a900
045F/03 $g439
045T $a7,41
lok: 39491859 78
exp: 39491859 78 1 #EPN
201B/01 $018-11-16 $t13:08:31.000
201U/01 $0utf8
203@/01 $0791217175
208@/01 $a12-11-16 $be
209A/01 $a/ $f000 $x00
220C/01 $aTitelaufnehmer: gk;tn
220C/01 $aHerkunft: HI Marburg
244Z/01 $2Trx $#Ungari $#Vengrija $#Ungārija $#Ungarn $#Hungary $#Węgry $#Maďarsko $#Maďarsko $#Uhorsko $#Uhersko;Uhry $8--Trx--Magyarország $x01 $9391197150
244Z/01 $2Trx $#arvustused $#recenzijos $#Reviews $#recenziók $#recenzje $#recenzie $#recenze $8--Trx--Rezensionen $x02 $9391357441
247C/01 $82080>Marburg/Lahn, Herder-Institut, Forschungsbibliothek, Bibliographieportal $9336309341
| LEADER | 00000caa a22000002c 4500 | ||
|---|---|---|---|
| 001 | 394918592 | ||
| 003 | DE-603 | ||
| 005 | 20210804205916.0 | ||
| 007 | tu | ||
| 008 | 161112s2006 xx |||| | u00||u|eng c | ||
| 035 | |a (DE-599)HEB394918592 | ||
| 040 | |a DE-603 |b ger |c DE-603 |d DE-603 | ||
| 041 | |a eng | ||
| 082 | 0 | 4 | |8 1\u |a 900.9439 |q DE-101 |2 23/BSB |
| 084 | |a 7,41 |2 ssgn | ||
| 085 | |8 1\u |b 900 | ||
| 085 | |8 1\u |z 2 |s 439 | ||
| 100 | 1 | |a Laczó, Ferenc |d 1982- |0 (DE-603)348197713 |0 (DE-588)1059082489 |2 gnd | |
| 245 | 0 | 0 | |a Mapping the Hungarian Urban Historical Landscape |
| 264 | 0 | |c 2006 | |
| 773 | 0 | 8 | |i In |t East central Europe |d Leiden : Brill, 1974- |h 24 cm |x 0094-3037 |g Band 33, Heft 1-2 (2006), Seite 315-336 |w (DE-603)047226099 |w (DE-600)190826-1 |
| 787 | 0 | 8 | |i Rezension von |a Gyáni, Gábor, 1950- |t Identity and the urban experience |d Boulder, Col. : Social Science Monographs [u.a.], 2004 |h IX, 271 S., Kt. |w (DE-603)128089873 |
| 924 | 0 | |9 2080 |a (DE-603)791217175 |b DE-2080 |c HES |d d |g / | |


